[Event "LSS SD-2010-0-00065"]
[Site "LSS email"]
[Date "2010.08.10"]
[Round "?"]
[White "Galkine, Vincent"]
[Black "Ferluga, Sergio"]
[Result "0-1"]
[WhiteElo "1418"]
[BlackElo "1658"]
[PlyCount "40"]
[EventDate "2010.07.06"]
[EventType "tourn (corr)"]
[EventRounds "6"]
[EventCountry "GER"]
[SourceTitle "Corr 2022"]
[Source "ChessBase"]
[SourceDate "2021.10.24"]
[SourceVersion "1"]
[SourceVersionDate "2021.10.24"]
[SourceQuality "1"]

1. e4 g6 2. d4 Bg7 3. Nf3 d6 4. Nc3 a6 5. Be3 Nd7 6. Qd2 e6 7. Bd3 h6 8. 0-0 g5 9. d5 e5 10. a3 Ngf6 11. h3 g4 12. hxg4 Nxg4 13. Qe2 Nxe3 14. Qxe3 h5 15. a4 h4 16. Ng5 Bh6 17. f4 exf4 18. Qd4 Ne5 19. Nf3 Bg7 20. Nxe5 h3 0-1

[Event "LSS SD-2010-0-00065"]
[Site "LSS email"]
[Date "2010.08.10"]
[Round "?"]
[White "Galkine, Vincent"]
[Black "Richter, Klaus"]
[Result "0-1"]
[WhiteElo "1418"]
[BlackElo "1761"]
[PlyCount "38"]
[EventDate "2010.07.06"]
[EventType "tourn (corr)"]
[EventRounds "6"]
[EventCountry "GER"]
[SourceTitle "Corr 2022"]
[Source "ChessBase"]
[SourceDate "2021.10.24"]
[SourceVersion "1"]
[SourceVersionDate "2021.10.24"]
[SourceQuality "1"]

1. e4 c5 2. c3 d5 3. exd5 Qxd5 4. d4 Nc6 5. Nf3 Nf6 6. Be2 cxd4 7. cxd4 e6 8. 0-0 Be7 9. Nc3 Qd6 10. Nb5 Qd8 11. Bf4 Nd5 12. Bg3 a6 13. Nc3 0-0 14. Rc1 Nxc3 15. bxc3 f5 16. Qd2 g5 17. Be5 g4 18. Qh6 Rf7 19. Nd2 Bg5 0-1

[Event "LSS SD-2010-0-00065"]
[Site "LSS email"]
[Date "2010.08.10"]
[Round "?"]
[White "Seris Granier, Manuel Angel"]
[Black "Galkine, Vincent"]
[Result "1-0"]
[WhiteElo "1562"]
[BlackElo "1418"]
[PlyCount "40"]
[EventDate "2010.07.06"]
[EventType "tourn (corr)"]
[EventRounds "6"]
[EventCountry "GER"]
[SourceTitle "Corr 2022"]
[Source "ChessBase"]
[SourceDate "2021.10.24"]
[SourceVersion "1"]
[SourceVersionDate "2021.10.24"]
[SourceQuality "1"]

1. d4 d5 2. c4 e6 3. Nc3 c5 4. cxd5 exd5 5. Nf3 Nc6 6. Bf4 Nf6 7. e3 Be7 8. Be2 0-0 9. dxc5 Bxc5 10. 0-0 Be6 11. Rc1 Rc8 12. h3 h6 13. a3 a6 14. Qa4 Qe7 15. Ne5 Nxe5 16. Bxe5 Nd7 17. Bd4 Rc7 18. Bf3 Nb6 19. Bxc5 Rxc5 20. Qb4 Qc7 1-0